01039 a2200169 45000010006000000050017000060080041000230030015000640400040000790800064001192450055001832500011002382640034002493000018002835050541003011000027008422972120260407155608.0260407a1968 arg spa dAR-UNSa-BCEJYS aAR-UNSa-BCEJYSbspacAR-UNSa-BCEJYS a657.37xBalance anual. Cierre de cuentas (Consolidación) 10aBalances consolidadospintroducción a su estudio a2a. ed 1aBuenos Aires :bDepalmac1968 a56 p.c21 cm. a1. Ámbito de aplicación de los estados consolidados - 2 . Necesidad de confeccionar los estados consolidados - 3. Cúando debe procederse a la consolidación - 4. Definición de los balances consolidados - 5. Confección de balances consolidados - 6. Créditos recíprocos - 7. Ganancias y pérdidas recíprocas - 8. Confección de balances consolidados: Su técnica - 9. Balances consolidados de incorporación - 10. Balances consolidados de ejercicio - 11. Reglas para la consolidación de balances - 12. Conclusiones 1 aVázquez Ger, Jesús